| 000 | 01239nmm a2200457 a 4500 | ||
|---|---|---|---|
| 003 | AR-BaBNM | ||
| 005 | 20251128203412.0 | ||
| 008 | 197019s1952 ||||||||||||||000 | spa|| | ||
| 040 | _cAR-BaBNM | ||
| 100 | 1 | _aTorré, Abelardo | |
| 245 | 1 | 0 | _aIntroducción al derecho |
| 250 | _a2ª ed. | ||
| 260 |
_aBuenos Aires _bPerrot _c1952 |
||
| 300 | 0 | _a523 p. | |
| 500 | 0 | _aIndice sistemático p. 9-16 | |
| 500 | 0 | _aIndice bibliográfico p. 497-513 | |
| 500 | 0 | _aIndice de materias p. 515-523 | |
| 500 | 0 | _aEjemplar no. 039606: ed. año 1999 | |
| 650 | 4 | _aDERECHO | |
| 650 | 4 | _aJUSTICIA | |
| 650 | 4 | _aLEGISLACION | |
| 650 | 4 | _aDECRETOS | |
| 650 | 4 | _aDERECHO CONSUETUDINARIO | |
| 650 | 4 | _aJURISPRUDENCIA | |
| 650 | 4 | _aFILOSOFIA DEL DERECHO | |
| 650 | 4 | _aDERECHO PUBLICO | |
| 650 | 4 | _aDERECHO CIVIL | |
| 650 | 4 | _aDERECHO CONSTITUCIONAL | |
| 650 | 4 | _aDERECHO ADMINISTRATIVO | |
| 650 | 4 | _aDERECHO COMERCIAL | |
| 650 | 4 | _aDERECHO PENAL | |
| 650 | 4 | _aDERECHO PROCESAL | |
| 650 | 4 | _aDERECHO MILITAR | |
| 650 | 4 | _aDERECHO ECLESIASTICO | |
| 650 | 4 | _aDERECHO LABORAL | |
| 650 | 4 | _aDERECHO INTERNACIONAL | |
| 650 | 4 | _aLEGISLACION DE MINAS | |
| 650 | 4 | _aLEGISLACION ARGENTINA | |
| 942 | _cBK | ||
| 998 | _cAndrea | ||
| 999 |
_c3222 _d3222 |
||